<?xml version="1.0" encoding="UTF-8"?>
<record
    xmlns:xsi="http://www.w3.org/2001/XMLSchema-instance"
    xsi:schemaLocation="http://www.loc.gov/MARC21/slim http://www.loc.gov/standards/marcxml/schema/MARC21slim.xsd"
    xmlns="http://www.loc.gov/MARC21/slim">

  <leader>00899nam a2200229Ia 4500</leader>
  <controlfield tag="001">12490</controlfield>
  <controlfield tag="003">GE_BSU</controlfield>
  <controlfield tag="008">181216s||||||||xx |||||||||||||| ||und||</controlfield>
  <datafield tag="040" ind1=" " ind2=" ">
    <subfield code="c">GE_BSU</subfield>
  </datafield>
  <datafield tag="080" ind1=" " ind2=" ">
    <subfield code="a">581.9</subfield>
  </datafield>
  <datafield tag="100" ind1=" " ind2=" ">
    <subfield code="a">&#x421;&#x435;&#x440;&#x434;&#x44E;&#x43A;&#x43E;&#x432;,&#x411;.&#x412;.</subfield>
  </datafield>
  <datafield tag="245" ind1=" " ind2=" ">
    <subfield code="a">&#x414;&#x435;&#x43A;&#x43E;&#x440;&#x430;&#x442;&#x438;&#x432;&#x43D;&#x44B;&#x435; &#x442;&#x440;&#x430;&#x432;&#x44F;&#x43D;&#x438;&#x441;&#x442;&#x44B;&#x435; &#x440;&#x430;&#x441;&#x442;&#x435;&#x43D;&#x438;&#x44F; &#x434;&#x438;&#x43A;&#x43E;&#x440;&#x430;&#x441;&#x442;&#x443;&#x449;&#x435;&#x439; &#x444;&#x43B;&#x43E;&#x440;&#x44B; &#x41A;&#x430;&#x432;&#x43A;&#x430;&#x437;&#x430;</subfield>
  </datafield>
  <datafield tag="245" ind1=" " ind2=" ">
    <subfield code="b">&#x10D9;&#x10D0;&#x10D5;&#x10D9;&#x10D0;&#x10E1;&#x10D8;&#x10D8;&#x10E1; &#x10D5;&#x10D4;&#x10DA;&#x10E3;&#x10E0;&#x10D8; &#x10E4;&#x10DA;&#x10DD;&#x10E0;&#x10D8;&#x10E1; &#x10D3;&#x10D4;&#x10D9;&#x10DD;&#x10E0;&#x10D0;&#x10E2;&#x10D8;&#x10E3;&#x10DA;&#x10D8; &#x10D1;&#x10D0;&#x10DA;&#x10D0;&#x10EE;&#x10DD;&#x10D5;&#x10D0;&#x10DC;&#x10D8; &#x10DB;&#x10EA;&#x10D4;&#x10DC;&#x10D0;&#x10E0;&#x10D4;&#x10D4;&#x10D1;&#x10D8;</subfield>
  </datafield>
  <datafield tag="245" ind1=" " ind2=" ">
    <subfield code="c">&#x420;&#x435;&#x434;.&#x413;.&#x410;.&#x414;&#x436;&#x430;&#x43A;&#x435;&#x43B;&#x438;</subfield>
  </datafield>
  <datafield tag="260" ind1=" " ind2=" ">
    <subfield code="a">&#x422;&#x431;&#x438;&#x43B;&#x438;&#x441;&#x438;</subfield>
  </datafield>
  <datafield tag="260" ind1=" " ind2=" ">
    <subfield code="b">&#x41C;&#x435;&#x446;&#x43D;&#x438;&#x435;&#x440;&#x435;&#x431;&#x430;</subfield>
  </datafield>
  <datafield tag="260" ind1=" " ind2=" ">
    <subfield code="c">1972</subfield>
  </datafield>
  <datafield tag="300" ind1=" " ind2=" ">
    <subfield code="a">210&#x441;&#x442;&#x440;.22&#x441;&#x43C;.&#x420;&#x438;&#x441;.42.</subfield>
  </datafield>
  <datafield tag="300" ind1=" " ind2=" ">
    <subfield code="e">&#x422;&#x430;&#x431;&#x43B;&#x438;&#x446;&#x44B;</subfield>
  </datafield>
  <datafield tag="653" ind1=" " ind2=" ">
    <subfield code="a">&#x414;&#x435;&#x43A;&#x43E;&#x440;&#x430;&#x442;&#x438;&#x432;&#x43D;&#x44B;&#x435; &#x442;&#x440;&#x430;&#x432;&#x44F;&#x43D;&#x438;&#x441;&#x442;&#x44B;&#x435; &#x440;&#x430;&#x441;&#x442;&#x435;&#x43D;&#x438;&#x44F; &#x434;&#x438;&#x43A;&#x43E;&#x440;&#x430;&#x441;&#x442;&#x443;&#x449;&#x435;&#x439; &#x444;&#x43B;&#x43E;&#x440;&#x44B; &#x41A;&#x430;&#x432;&#x43A;&#x430;&#x437;&#x430;</subfield>
  </datafield>
  <datafield tag="942" ind1=" " ind2=" ">
    <subfield code="c">BK</subfield>
  </datafield>
  <datafield tag="999" ind1=" " ind2=" ">
    <subfield code="c">45664</subfield>
    <subfield code="d">45664</subfield>
  </datafield>
  <datafield tag="952" ind1=" " ind2=" ">
    <subfield code="0">0</subfield>
    <subfield code="1">0</subfield>
    <subfield code="4">0</subfield>
    <subfield code="7">0</subfield>
    <subfield code="9">59791</subfield>
    <subfield code="d">2018-12-17</subfield>
    <subfield code="p">20681</subfield>
    <subfield code="r">2018-12-17</subfield>
    <subfield code="w">2018-12-17</subfield>
    <subfield code="y">BK</subfield>
  </datafield>
</record>
